Statistics for Historiske personer fra nyere historie (Bilder)

Click here to take the quiz!

General Stats

  • This quiz has been taken 159 times
  • The average score is 13 of 19

Answer Stats

Answer% Correct
Adolf Hitler
92%
Josef Stalin
85%
Karl Marx
85%
John F. Kennedy
82%
Napoleon
81%
Winston Churchill
80%
Gandhi
78%
Vladimir Lenin
77%
Nelson Mandela
76%
Benito Mussolini
75%
Queen Victoria
75%
Franklin D. Roosevelt
63%
Thomas Jefferson
60%
Margaret Thatcher
57%
Montesquieu
52%
Mikhail Gorbatsjov
51%
Einar Gerhardsen
50%
Ayatollah Khomeini
32%
Emmeline Pankhurst
19%

Score Distribution

Percentile by Number Answered

Percent of People with Each Score

Your Score History

You have not taken this quiz